000 00644nam a2200181 i 4500
001 41159
003 ES-MaACL
005 20231221193541.0
007 t|
008 030310s1917 sp ||||1|dspa d
100 1 _aCarabias, Julio.
_934926
245 1 3 _aLa moral del drama "Juan José"
_b: conferencia leída en la Casa del Pueblo de Baracaldo, en la velada necrológica de homenaje a Joaquín Dicenta /
_cJulio Carabias.
260 _a[Baracaldo, Vizcaya] :
_bSucesores de Aldama,
_c1917.
300 _a19 p. ;
_c21 cm.
600 1 7 _aDicenta, Joaquín,
_d1863-1917
_2embne
_944474
852 _aES-MaACL
_j1543-F-3
999 _c41159
_d41159